Ceramics and Atlantic connections : late Roman and early medieval imported pottery on the Atlantic seaboard : international symposium, Newcastle University, March 26th-27th 2014 /

Papers focus on the pottery of Mediterranean origin imported into the Atlantic, as well as ceramics of Atlantic production which had widespread distribution. They examine chronologies and relative distributions, and consider the composition of key Atlantic assemblages, revealing new insights into th...

وصف كامل

محفوظ في:

مؤلف مشترك: Ceramics and Atlantic Connections (Conference) Univeristy of Newcastle)

مؤلفون آخرون: Duggan, Maria (المحرر), Turner, Sam (Archaeologist) (المحرر), Jackson, Mark, 1973- (المحرر)

التنسيق: وقائع المؤتمر كتاب الكتروني

اللغة: English

منشور في: Oxford : Archaeopress Publishing Ltd, 2020.

سلاسل: Roman and late antique Mediterranean pottery ; 15.

الموضوعات:

الوصول للمادة أونلاين: Login to view Source

الوسوم: إضافة وسم

لا توجد وسوم, كن أول من يضع وسما على هذه التسجيلة!

رقم الطلب: NK3850

LEADER 02491nam a2200469 i 4500
001 EDZ0002251040
003 StDuBDS
005 20230412182629.0
006 m|||||o||d||||||||
007 cr |||||||||||
008 200129s2020 enka fob 100|0|eng|d
020 |a 9781789693386 (ebook) :  |c No price 
040 |a StDuBDS  |b eng  |c StDuBDS  |e rda  |e pn 
050 4 |a NK3850 
082 0 4 |a 738.30937  |2 23 
111 2 |a Ceramics and Atlantic Connections (Conference)  |d (2014 :  |c Univeristy of Newcastle),  |j creator. 
245 1 0 |a Ceramics and Atlantic connections :  |b late Roman and early medieval imported pottery on the Atlantic seaboard : international symposium, Newcastle University, March 26th-27th 2014 /  |c edited by Maria Duggan, Sam Turner and Mark Jackson. 
264 1 |a Oxford :  |b Archaeopress Publishing Ltd,  |c 2020. 
300 |a 1 online resource (vi, 150 pages) :  |b illustrations (black and white, and colour). 
336 |a text  |2 rdacontent 
336 |a still image  |2 rdacontent 
337 |a computer  |2 rdamedia 
338 |a online resource  |2 rdacarrier 
490 1 |a Roman and late antique Mediterranean pottery ;  |v 15 
500 |a Conference proceedings. 
504 |a Includes bibliographical references. 
520 8 |a Papers focus on the pottery of Mediterranean origin imported into the Atlantic, as well as ceramics of Atlantic production which had widespread distribution. They examine chronologies and relative distributions, and consider the composition of key Atlantic assemblages, revealing new insights into the networks of exchange between c. 400-700 AD. 
521 |a Specialized. 
588 |a Description based on online resource; title from PDF title page (viewed on May 5, 2020). 
650 0 |a Pottery, Roman  |z Mediterranean Region  |v Congresses. 
650 0 |a Pottery, Medieval  |z Mediterranean Region  |v Congresses. 
650 0 |a Commerce  |x History  |y To 500  |v Congresses. 
650 0 |a Commerce  |x History  |y Medieval, 500-1500  |v Congresses. 
700 1 |a Duggan, Maria  |q (Maria Catherine),  |e editor. 
700 1 |a Turner, Sam  |c (Archaeologist),  |e editor. 
700 1 |a Jackson, Mark,  |d 1973-  |e editor. 
776 0 8 |i Print version :  |z 9781789693379 
830 0 |a Roman and late antique Mediterranean pottery ;  |v 15. 
856 4 0 |3 Archaeopress  |u http://library.arce.org:8087/Archaeopress/Products/9781789693379 
942 |2 lcc  |c EBOOK 
952 |0 0  |1 0  |4 0  |6 NK3850  |7 1  |9 46607  |a ARCH  |b ARCH  |d 2023-04-12  |l 0  |o NK3850  |r 2023-04-12 00:00:00  |w 2023-04-12  |y EBOOK 
999 |c 52265  |d 52265